| 000 | 01065nam a2200301Ia 4500 | ||
|---|---|---|---|
| 001 | 84186 | ||
| 003 | IT-RoPAU | ||
| 008 | 130308s9999 xx 000 0 und d | ||
| 040 | _aIT-RoPAU | ||
| 040 | _cIT-RoPAU | ||
| 041 | _aITALIANO | ||
| 100 | _aGonella Franco | ||
| 100 | _gCodice Aut. SPICS: 29196 | ||
| 245 | _aVerso una nuova televisione: crisi del sistema e strategie delle imprese | ||
| 245 | _bEconomia Dietro Il Sipario (L')-Teatro Opera Cinema Televisione | ||
| 250 | _a1a ed. | ||
| 260 | _aTORINO | ||
| 260 | _bEDT | ||
| 260 | _c1989 [1° Ed.:1989 - Ed.Ling.Originale:1989] | ||
| 300 | _a"37 p. (prefazione: no ; testo: 37 [pagine: 117-153])" | ||
| 500 | _aNuove tecnologie televisive Crisi del Sistema Televisivo nuove Modalità D'Uso e fruizione del mezzo Televisivo strategie di Marketing Sviluppo di Nuovi prodotti ricerche di mercato Comunicazione e promozione nelle Emittenti Televisive | ||
| 650 | _aINDUSTRIA TEATRALE | ||
| 650 | _eCodice materia Spics: 8406 | ||
| 942 | _cBK | ||
| 957 | _71 | ||
| 999 |
_c61484 _d61484 |
||
| 999 | _bSI | ||
| 999 | _g1 | ||